[Event "Taganrog-ch"]
[Site "Taganrog"]
[Date "2010.12.04"]
[Round "8"]
[White "Mikhailov, Sergey"]
[Black "Frolov, Andrei"]
[Result "1-0"]
[WhiteElo "2398"]
[BlackElo "2181"]
[PlyCount "77"]
[EventDate "2010.11.18"]
[EventType "tourn"]
[EventRounds "13"]
[EventCountry "RUS"]
[SourceTitle "EXT 2014"]
[Source "ChessBase"]
[SourceDate "2013.11.20"]
[SourceVersion "1"]
[SourceVersionDate "2013.11.20"]
[SourceQuality "1"]

1. d4 d5 2. Nf3 c6 3. c4 Nf6 4. Qc2 e6 5. e3 Nbd7 6. b3 Bb4+ 7. Nbd2 0-0 8. a3 Ba5 9. Bd3 Re8 10. Bb2 Bc7 11. Ne5 g6 12. f4 Nh5 13. 0-0-0 f6 14. g4 Ng7 15. Nxg6 hxg6 16. Bxg6 Re7 17. h4 Nf8 18. Bd3 Ne8 19. h5 Rg7 20. Rdg1 e5 21. h6 Rxg4 22. Rxg4+ Bxg4 23. Rg1 exf4 24. Rxg4+ Kh8 25. e4 f5 26. exf5 Qe7 27. Qd1 Qe3 28. Kc2 Nh7 29. Nf3 Nef6 30. Rg7 Ne8 31. Rg2 Qe7 32. Ne5 Qf6 33. Qh5 f3 34. Qxf3 Nd6 35. Rg6 Qf8 36. Rg7 Qxg7 37. hxg7+ Kxg7 38. Qg4+ Kf6 39. Qg6+ 1-0

[Event "Taganrog-ch"]
[Site "Taganrog"]
[Date "2010.11.25"]
[Round "4"]
[White "Shilyakin, Gennady"]
[Black "Frolov, Andrei"]
[Result "0-1"]
[WhiteElo "2036"]
[BlackElo "2181"]
[PlyCount "100"]
[EventDate "2010.11.18"]
[EventType "tourn"]
[EventRounds "13"]
[EventCountry "RUS"]
[SourceTitle "EXT 2014"]
[Source "ChessBase"]
[SourceDate "2013.11.20"]
[SourceVersion "1"]
[SourceVersionDate "2013.11.20"]
[SourceQuality "1"]

1. d4 Nf6 2. c4 g6 3. Nc3 Bg7 4. e4 0-0 5. f3 d6 6. Be3 e5 7. dxe5 dxe5 8. Bc5 Qxd1+ 9. Rxd1 Re8 10. Nd5 Na6 11. Ba3 c6 12. Ne7+ Kh8 13. Nxc8 Raxc8 14. c5 Nc7 15. Bc4 Kg8 16. Ne2 a5 17. Nc3 Bf8 18. Ke2 Rcd8 19. Rxd8 Rxd8 20. Rd1 Rxd1 21. Kxd1 Nd7 22. Na4 Nb5 23. Kc2 Nxa3+ 24. bxa3 Bxc5 25. Nxc5 Nxc5 26. Kc3 b5 27. Be2 Kf8 28. Bd1 Ke7 29. Be2 Kd6 30. Bd1 f6 31. Be2 Ne6 32. Bd3 Kc5 33. g3 Nc7 34. Bc2 Na8 35. Bb3 Nb6 36. Bf7 g5 37. Bb3 h6 38. Be6 Na4+ 39. Kd3 Kd6 40. Bf7 c5 41. Be8 c4+ 42. Kc2 Kc5 43. Bf7 Nb6 44. Be6 Kd4 45. Kd2 b4 46. axb4 axb4 47. h4 c3+ 48. Ke2 Nc4 49. hxg5 hxg5 50. Bf7 Nd2 0-1

[Event "Yuzhny FO-ch op"]
[Site "Armavir"]
[Date "2010.03.??"]
[Round "7"]
[White "Gulinsky, Vladimir"]
[Black "Frolov, Andrei"]
[Result "0-1"]
[WhiteElo "2009"]
[BlackElo "2181"]
[PlyCount "94"]
[EventDate "2010.03.??"]
[EventType "swiss"]
[EventRounds "9"]
[EventCountry "RUS"]
[SourceTitle "CBM 135 Extra"]
[Source "ChessBase"]
[SourceDate "2010.05.04"]
[SourceVersion "1"]
[SourceVersionDate "2010.05.04"]
[SourceQuality "1"]

1. e4 e5 2. Nf3 Nf6 3. d3 d6 4. Be2 Be7 5. 0-0 0-0 6. Bg5 Nbd7 7. Nbd2 Re8 8. c3 Nf8 9. h3 h6 10. Be3 Ng6 11. Nh2 d5 12. exd5 Nxd5 13. Nc4 Ndf4 14. Nf3 Bf6 15. Re1 Bf5 16. d4 e4 17. Nh2 b5 18. Na5 Qd7 19. Bg4 Nd3 20. Re2 Ngf4 21. Rd2 h5 22. Bxh5 b4 23. Bg4 bxc3 24. bxc3 Nd5 25. Rc2 c5 26. Bxf5 Qxf5 27. Ng4 cxd4 28. Bxd4 Bxd4 29. cxd4 N5b4 30. Nb3 Nxc2 31. Qxc2 Rac8 32. Qe2 Qd7 33. Rd1 Qd5 34. Ne3 Qg5 35. Kh1 Rc6 36. d5 Rd6 37. Nd4 Qf6 38. Nb5 Rb6 39. Ng4 Qd8 40. Nc3 Rb2 41. Rd2 Rxd2 42. Qxd2 f5 43. Ne3 Qf6 44. f3 Rc8 45. Ncd1 Rc1 46. d6 Qxd6 47. Nxf5 Rxd1+ 0-1

[Event "RUS-chT 07th"]
[Site "Smolensk"]
[Date "2000.04.17"]
[Round "3"]
[White "Frolov, Andrei"]
[Black "Sitnikov, Dmitrij"]
[Result "0-1"]
[WhiteElo "2233"]
[BlackElo "2438"]
[PlyCount "94"]
[EventDate "2000.04.15"]
[EventType "team-tourn"]
[EventRounds "11"]
[EventCountry "RUS"]
[SourceTitle "EXT 2020"]
[Source "ChessBase"]
[SourceDate "2019.10.17"]
[SourceVersion "1"]
[SourceVersionDate "2019.10.17"]
[SourceQuality "1"]
[WhiteTeam "Moscow Saulin PRSFI"]
[BlackTeam "Novokuznetsk"]
[WhiteTeamCountry "RUS"]
[BlackTeamCountry "RUS"]

1. e4 c5 2. c3 d5 3. exd5 Qxd5 4. d4 Nf6 5. Nf3 Bg4 6. Be2 e6 7. h3 Bh5 8. Be3 cxd4 9. cxd4 Nc6 10. Nc3 Qa5 11. 0-0 Bd6 12. a3 0-0 13. b4 Qd8 14. Qb3 Rc8 15. Rfd1 Ne7 16. Bg5 Nfd5 17. Ne4 Bf4 18. Bxf4 Nxf4 19. Bf1 Bg6 20. Nc5 b6 21. Nd3 Qd5 22. Qxd5 Nfxd5 23. Rdc1 f6 24. Nde1 Rxc1 25. Rxc1 Rc8 26. Rxc8+ Nxc8 27. Bc4 Nd6 28. Bb3 Nb5 29. a4 Nbc3 30. b5 Bb1 31. Kf1 Kf7 32. Nd2 Ba2 33. Bxa2 Nxa2 34. Nd3 Nac3 35. Nb2 Nb4 36. Ndc4 Nc2 37. Nd6+ Ke7 38. Nc8+ Kd7 39. Nxa7 Nxd4 40. f4 Kc7 41. Kf2 Nd5 42. Nd3 Kb7 43. Nc6 Nxc6 44. bxc6+ Kxc6 45. Ke1 Nc3 46. Nb2 Kc5 47. Kd2 Kd4 0-1

[Event "RUS-chT 07th"]
[Site "Smolensk"]
[Date "2000.04.16"]
[Round "2"]
[White "Beshukov, Sergei"]
[Black "Frolov, Andrei"]
[Result "1-0"]
[WhiteElo "2460"]
[BlackElo "2233"]
[PlyCount "47"]
[EventDate "2000.04.15"]
[EventType "team-tourn"]
[EventRounds "11"]
[EventCountry "RUS"]
[SourceTitle "EXT 2020"]
[Source "ChessBase"]
[SourceDate "2019.10.17"]
[SourceVersion "1"]
[SourceVersionDate "2019.10.17"]
[SourceQuality "1"]
[WhiteTeam "Maykop Universitet"]
[BlackTeam "Moscow Saulin PRSFI"]
[WhiteTeamCountry "RUS"]
[BlackTeamCountry "RUS"]

1. e4 c5 2. d3 Nc6 3. f4 e6 4. Nf3 d5 5. Be2 Nf6 6. e5 Nd7 7. 0-0 Be7 8. c3 Qb6 9. c4 dxc4 10. dxc4 f6 11. exf6 Nxf6 12. Nc3 0-0 13. Bd3 Bd7 14. Qe2 Rad8 15. Ne4 Be8 16. Neg5 Bh5 17. Nxe6 Nd4 18. Nexd4 Rxd4 19. Bf5 Bd6 20. Qc2 Bxf3 21. Rxf3 Qc7 22. g3 b5 23. Be3 Qb7 24. Rff1 1-0

[Event "RUS-ch sf"]
[Site "Krasnodar"]
[Date "1998.??.??"]
[Round "?"]
[White "Poluljahov, Aleksandr"]
[Black "Frolov, Andrei"]
[Result "1-0"]
[WhiteElo "2505"]
[BlackElo "2265"]
[PlyCount "49"]
[EventDate "1998.??.??"]
[EventType "swiss"]
[EventRounds "9"]
[EventCountry "RUS"]
[SourceTitle "EXT 2000"]
[Source "ChessBase"]
[SourceDate "1999.11.16"]
[SourceVersion "1"]
[SourceVersionDate "1999.11.16"]
[SourceQuality "1"]

1. Nf3 Nf6 2. c4 g6 3. Nc3 Bg7 4. e4 d6 5. d4 0-0 6. Be2 Nbd7 7. Be3 c6 8. 0-0 e5 9. d5 cxd5 10. cxd5 Ng4 11. Bg5 f6 12. Bd2 Nh6 13. Qc2 a5 14. a3 f5 15. exf5 gxf5 16. Ng5 Nc5 17. b4 axb4 18. axb4 Rxa1 19. Rxa1 Ne4 20. Ncxe4 fxe4 21. Ra8 Qf6 22. Nxe4 Qf5 23. Bxh6 Bxh6 24. g4 Qd7 25. Nf6+ 1-0

[Event "RUS-ch sf"]
[Site "Krasnodar"]
[Date "1998.??.??"]
[Round "?"]
[White "Pravdiuk, Vladimir P"]
[Black "Frolov, Andrei"]
[Result "1-0"]
[WhiteElo "2385"]
[BlackElo "2265"]
[PlyCount "57"]
[EventDate "1998.??.??"]
[EventType "swiss"]
[EventRounds "9"]
[EventCountry "RUS"]
[SourceTitle "EXT 2000"]
[Source "ChessBase"]
[SourceDate "1999.11.16"]
[SourceVersion "1"]
[SourceVersionDate "1999.11.16"]
[SourceQuality "1"]

1. e4 c5 2. c3 Nf6 3. e5 Nd5 4. d4 cxd4 5. Qxd4 e6 6. Bc4 Nc6 7. Qe4 f5 8. Qe2 Nb6 9. Bb3 Be7 10. Nf3 0-0 11. h4 Qc7 12. Bf4 Na5 13. Nbd2 Nxb3 14. axb3 Nd5 15. Be3 b6 16. Bg5 h6 17. Bxe7 Nxe7 18. Nc4 a5 19. Nd6 Ba6 20. Qe3 Nd5 21. Qd2 Qc5 22. Qd4 Qc6 23. Kd2 Ne7 24. Qe3 Ra7 25. Nd4 Qd5 26. f4 Bb7 27. Rag1 Qc5 28. b4 Qc7 29. N4b5 1-0